000 00619nam a2200217Ia 4500
005 20230109152903.0
008 131103s9999 xx 000 0 und d
040 _aLoreto College
041 _aEnglish
082 _a821.4
_bDRY-DOR
100 _aDoren,Mark Van
245 _aJohn Dryden
_b A study of his poetry
_cMark Van Doren
260 _aBloomington
_bIndiana University Press
_c1963
300 _ax,299 p.
504 _aIncludes appendix and index
630 _a17th century poet - Dryden - Criticism
650 _aDryden,John,1631 - 1700
651 _aEnglish Poetry
850 _aLCLIB
942 _cBK
999 _c5899
_d56378